| 000 | 00711cab a2200253 4500 | ||
|---|---|---|---|
| 001 | ABS54713 | ||
| 008 | 090401t1996 xxu||||| |||| 00| 0 eng d | ||
| 035 | _a(Sirsi) u11924 | ||
| 041 | _aeng | ||
| 100 | _aKinloch, I. | ||
| 245 | 4 | _aThe Environment Act 1995 and water pollution | |
| 260 | _c1996 | ||
| 350 | _a0 | ||
| 490 |
_aWaste Planning _v(18) March 1996, 34-35(2) |
||
| 520 | _aSummarises the provisions of the Environment Act relating to water pollution. | ||
| 650 | _aENVIRONMENT ACT 1995 | ||
| 650 | _aENVIRONMENT AGENCY | ||
| 650 | _aWASTE DISPOSAL | ||
| 650 | _aWATER POLLUTION | ||
| 690 | _aENVIRONMENTAL AND LAND CONSULTANCY | ||
| 690 | _aWATER | ||
| 942 | _n0 | ||
| 948 | _c04/03/1997 | ||
| 999 |
_c7624 _d7624 |
||